[Event "HUN-chT4 2223"]
[Site "Gyor"]
[Date "2023.03.19"]
[Round "6"]
[White "Szalai, Attila"]
[Black "Hajba, Tamas"]
[Result "1/2-1/2"]
[WhiteElo "1725"]
[BlackElo "1837"]
[PlyCount "22"]
[EventDate "2022.10.09"]
[EventType "team-tourn"]
[EventRounds "7"]
[EventCountry "HUN"]
[SourceTitle "EXT 2024"]
[Source "ChessBase"]
[SourceDate "2023.10.10"]
[SourceVersion "1"]
[SourceVersionDate "2023.10.10"]
[SourceQuality "1"]
[WhiteTeam "Gyor Bastya"]
[BlackTeam "Gyor Szechenyi II"]
[WhiteTeamCountry "HUN"]
[BlackTeamCountry "HUN"]

1. e4 d5 2. exd5 Qxd5 3. Nc3 Qd8 4. d4 Nf6 5. Nf3 Bg4 6. Be2 e6 7. 0-0 Bd6 8. h3 Bxf3 9. Bxf3 c6 10. Bg5 Nbd7 11. Re1 0-0 1/2-1/2

[Event "HUN-chT4 2223"]
[Site "Gyor"]
[Date "2022.10.09"]
[Round "1"]
[White "Bodor, Andras"]
[Black "Szalai, Attila"]
[Result "0-1"]
[WhiteElo "1383"]
[BlackElo "1725"]
[PlyCount "116"]
[EventDate "2022.10.09"]
[EventType "team-tourn"]
[EventRounds "7"]
[EventCountry "HUN"]
[SourceTitle "EXT 2024"]
[Source "ChessBase"]
[SourceDate "2023.10.10"]
[SourceVersion "1"]
[SourceVersionDate "2023.10.10"]
[SourceQuality "1"]
[WhiteTeam "Level KSE"]
[BlackTeam "Gyor Bastya"]
[WhiteTeamCountry "HUN"]
[BlackTeamCountry "HUN"]

1. e4 c5 2. Nf3 Nc6 3. Nc3 d6 4. d4 cxd4 5. Nxd4 Nf6 6. h3 g6 7. Nxc6 bxc6 8. Be2 Bg7 9. 0-0 0-0 10. Bf3 Bb7 11. Re1 Re8 12. Qd3 Qc7 13. a4 Rac8 14. Be3 Qb8 15. Rab1 Nd7 16. Bd4 Ne5 17. Bxe5 Bxe5 18. Bg4 Rcd8 19. Ne2 e6 20. f4 Bg7 21. Bf3 Qc7 22. b3 Qb6+ 23. Kh1 Ba6 24. c4 d5 25. Qc2 Bb7 26. c5 Qb4 27. e5 Ba6 28. Qc3 Rb8 29. Qxb4 Rxb4 30. g3 Reb8 31. Nc1 Rxa4 32. Ne2 Rab4 33. Nc1 Bf8 34. Ra1 Bb5 35. Rxa7 Bxc5 36. Ra2 Kg7 37. Kg2 Rb7 38. Be2 Ra7 39. Bxb5 Rxb5 40. Rc2 Ra6 41. Kf3 Ba3 42. Ra2 Rbb6 43. Kg4 Bxc1 44. Rxa6 Rxa6 45. Rxc1 Rb6 46. b4 Rxb4 47. Rxc6 Rb3 48. Rd6 Rd3 49. Rd8 h6 50. h4 Rd1 51. Kf3 Rd3+ 52. Kf2 Rc3 53. Kg2 Rc4 54. Kf2 g5 55. hxg5 hxg5 56. f5 exf5 57. Rxd5 Re4 58. Kf3 g4+ 0-1

[Event "HUN-chT4a 1819"]
[Site "Hungary"]
[Date "2019.03.30"]
[Round "9.5"]
[White "Nagy, Tibor2222"]
[Black "Szalai, Attila"]
[Result "1/2-1/2"]
[WhiteElo "1701"]
[BlackElo "1693"]
[PlyCount "70"]
[EventDate "2018.10.06"]
[EventType "team-tourn"]
[EventRounds "9"]
[EventCountry "HUN"]
[SourceTitle "EXT 2020"]
[Source "ChessBase"]
[SourceDate "2019.10.17"]
[SourceVersion "1"]
[SourceVersionDate "2019.10.17"]
[SourceQuality "1"]
[WhiteTeam "KSE Level"]
[BlackTeam "Gyor Bastya"]
[WhiteTeamCountry "HUN"]
[BlackTeamCountry "HUN"]

1. e4 c5 2. Nf3 Nc6 3. c3 d5 4. e5 Bg4 5. d4 cxd4 6. Bb5 a6 7. Bxc6+ bxc6 8. cxd4 e6 9. 0-0 Ne7 10. Bg5 h6 11. Bh4 Qc7 12. Nbd2 Nf5 13. Qc2 Nxh4 14. Nxh4 Be7 15. Nhf3 0-0 16. Rac1 Rfc8 17. h3 Bf5 18. Qd1 Qb6 19. Nb3 c5 20. dxc5 Bxc5 21. Qd2 Bb4 22. Qf4 Bd3 23. Rfd1 Be2 24. Rd4 Bc5 25. Nxc5 Rxc5 26. Rxc5 Qxc5 27. Qd2 Bxf3 28. gxf3 Rc8 29. Kg2 Qc1 30. Qxc1 Rxc1 31. Ra4 Rc6 32. f4 Kh7 33. Kg3 Kg6 34. Kf3 Rb6 35. Ke3 Kf5 1/2-1/2

[Event "HUN-chT4 Chalupetzky 1819"]
[Site "Hunagry"]
[Date "2018.12.16"]
[Round "4.2"]
[White "Szalai, Attila"]
[Black "Nagy, Istvan2222"]
[Result "1-0"]
[WhiteElo "1674"]
[BlackElo "1723"]
[PlyCount "45"]
[EventDate "2018.10.14"]
[EventType "team-tourn"]
[EventRounds "10"]
[EventCountry "HUN"]
[SourceTitle "EXT 2020"]
[Source "ChessBase"]
[SourceDate "2019.10.17"]
[SourceVersion "1"]
[SourceVersionDate "2019.10.17"]
[SourceQuality "1"]
[WhiteTeam "Gyor Bastya"]
[BlackTeam "Fertoszentmiklos"]
[WhiteTeamCountry "HUN"]
[BlackTeamCountry "HUN"]

1. e4 g6 2. d4 Bg7 3. Nc3 d6 4. Nf3 Nf6 5. Be2 a6 6. 0-0 c6 7. Bf4 0-0 8. a4 Bg4 9. h3 Bxf3 10. Bxf3 Nfd7 11. Re1 e5 12. Be3 exd4 13. Bxd4 Bxd4 14. Qxd4 Qf6 15. Rad1 Qxd4 16. Rxd4 Ne5 17. Rxd6 Nbd7 18. Be2 Nb6 19. b3 Rad8 20. Red1 Rxd6 21. Rxd6 Re8 22. f4 Ned7 23. a5 1-0

[Event "HUN-chT4 Chalupetzky 1819"]
[Site "Hunagry"]
[Date "2018.11.25"]
[Round "3.1"]
[White "Kovacs, Dezso"]
[Black "Szalai, Attila"]
[Result "1/2-1/2"]
[WhiteElo "1823"]
[BlackElo "1660"]
[PlyCount "38"]
[EventDate "2018.10.14"]
[EventType "team-tourn"]
[EventRounds "10"]
[EventCountry "HUN"]
[SourceTitle "EXT 2020"]
[Source "ChessBase"]
[SourceDate "2019.10.17"]
[SourceVersion "1"]
[SourceVersionDate "2019.10.17"]
[SourceQuality "1"]
[WhiteTeam "Lovo"]
[BlackTeam "Gyor Bastya"]
[WhiteTeamCountry "HUN"]
[BlackTeamCountry "HUN"]

1. c4 Nf6 2. Nc3 e6 3. d4 d5 4. Nf3 Be7 5. e3 0-0 6. Be2 c5 7. 0-0 Nc6 8. a3 cxd4 9. Nxd4 Nxd4 10. Qxd4 dxc4 11. Qxc4 Bd7 12. Bf3 Rc8 13. Qe2 Bc6 14. Bxc6 Rxc6 15. e4 a6 16. Bf4 Qc8 17. h3 Rd8 18. Rfd1 Rxd1+ 19. Qxd1 h6 1/2-1/2

[Event "HUN-chT4 Chalupetzky 1819"]
[Site "Hunagry"]
[Date "2018.10.14"]
[Round "1.2"]
[White "Szalai, Attila"]
[Black "Petrecz, Gyula"]
[Result "1/2-1/2"]
[WhiteElo "1653"]
[BlackElo "1767"]
[PlyCount "30"]
[EventDate "2018.10.14"]
[EventType "team-tourn"]
[EventRounds "10"]
[EventCountry "HUN"]
[SourceTitle "EXT 2020"]
[Source "ChessBase"]
[SourceDate "2019.10.17"]
[SourceVersion "1"]
[SourceVersionDate "2019.10.17"]
[SourceQuality "1"]
[WhiteTeam "Toltestava Tornado"]
[BlackTeam "Gyor Bastya"]
[WhiteTeamCountry "HUN"]
[BlackTeamCountry "HUN"]

1. e4 d5 2. exd5 Nf6 3. d4 Nxd5 4. c4 Nf6 5. Nc3 Bf5 6. Nf3 e6 7. Bd3 Bxd3 8. Qxd3 Be7 9. 0-0 0-0 10. Bg5 Nbd7 11. Rad1 c6 12. Rfe1 Nb6 13. Ne4 Nxe4 14. Bxe7 Qxe7 15. Rxe4 Rad8 1/2-1/2

[Event "HUN-chT4 Chalupetzky 1718"]
[Site "Hungary"]
[Date "2018.03.11"]
[Round "7.2"]
[White "Nagy, Tibor2222"]
[Black "Szalai, Attila"]
[Result "1-0"]
[WhiteElo "1692"]
[BlackElo "1659"]
[PlyCount "67"]
[EventDate "2017.10.15"]
[EventType "team-tourn"]
[EventRounds "7"]
[EventCountry "HUN"]
[SourceTitle "EXT 2019"]
[Source "ChessBase"]
[SourceDate "2018.10.10"]
[SourceVersion "1"]
[SourceVersionDate "2018.10.10"]
[SourceQuality "1"]
[WhiteTeam "KSE Level"]
[BlackTeam "Gyor Bastya"]
[WhiteTeamCountry "HUN"]
[BlackTeamCountry "HUN"]

1. e4 c5 2. c3 d5 3. Bb5+ Bd7 4. Qa4 dxe4 5. Bxd7+ Qxd7 6. Qxe4 Nf6 7. Qe2 Nc6 8. Nf3 e6 9. d3 Rd8 10. d4 cxd4 11. 0-0 dxc3 12. Nxc3 Qd3 13. Qe1 Bb4 14. Bd2 0-0 15. Rd1 Bxc3 16. bxc3 Ne4 17. Bg5 Qxd1 18. Qxe4 Qd3 19. Qg4 Rd5 20. c4 Ra5 21. h4 Qf5 22. Qg3 f6 23. Be3 e5 24. a3 Rd8 25. Nh2 Rxa3 26. Ng4 Qg6 27. h5 Rxe3 28. fxe3 Qg5 29. Rf5 Nd4 30. exd4 Qc1+ 31. Rf1 Qxc4 32. dxe5 Qc5+ 33. Kh1 fxe5 34. Nh6+ 1-0

[Event "HUN-chT4 Chalupetzky 1718"]
[Site "Hungary"]
[Date "2018.01.21"]
[Round "5.1"]
[White "Szalai, Attila"]
[Black "Vasvari, Attila"]
[Result "1-0"]
[WhiteElo "1659"]
[BlackElo "1579"]
[PlyCount "93"]
[EventDate "2017.10.15"]
[EventType "team-tourn"]
[EventRounds "7"]
[EventCountry "HUN"]
[SourceTitle "EXT 2019"]
[Source "ChessBase"]
[SourceDate "2018.10.10"]
[SourceVersion "1"]
[SourceVersionDate "2018.10.10"]
[SourceQuality "1"]
[WhiteTeam "Gyor Bastya"]
[BlackTeam "Gyor Szechenyi II"]
[WhiteTeamCountry "HUN"]
[BlackTeamCountry "HUN"]

1. e4 c5 2. Nf3 d6 3. d4 Nf6 4. Nc3 cxd4 5. Qxd4 Nc6 6. Bb5 Bd7 7. Bxc6 Bxc6 8. Bg5 h6 9. Bxf6 exf6 10. 0-0-0 Be7 11. Rhe1 0-0 12. Nd5 Bxd5 13. Qxd5 Qb6 14. Nd4 g6 15. f4 Rfc8 16. Nb3 Qf2 17. Qd2 Qxd2+ 18. Rxd2 a5 19. Rd5 a4 20. Nd4 Rc5 21. a3 Rac8 22. c3 Rxd5 23. exd5 Bf8 24. Nc2 f5 25. Kd2 f6 26. Kd3 g5 27. g3 h5 28. Nd4 Rc5 29. c4 gxf4 30. gxf4 Bh6 31. Rf1 Bf8 32. Rf2 Kf7 33. Nxf5 b5 34. cxb5 Rxd5+ 35. Nd4 f5 36. Kc4 Rc5+ 37. Kb4 d5 38. Ka5 Rc8 39. Nxf5 Bc5 40. Nd6+ Bxd6 41. Kxa4 Rc4+ 42. b4 Bxf4 43. b6 Ke7 44. b7 Bd6 45. Rf5 d4 46. Rxh5 Kd7 47. Rd5 1-0

[Event "HUN-chT4 Chalupetzky 1718"]
[Site "Hungary"]
[Date "2017.11.19"]
[Round "3.2"]
[White "Szalai, Attila"]
[Black "Balogh, Tibor"]
[Result "0-1"]
[WhiteElo "1659"]
[BlackElo "1811"]
[PlyCount "74"]
[EventDate "2017.10.15"]
[EventType "team-tourn"]
[EventRounds "7"]
[EventCountry "HUN"]
[SourceTitle "EXT 2019"]
[Source "ChessBase"]
[SourceDate "2018.10.10"]
[SourceVersion "1"]
[SourceVersionDate "2018.10.10"]
[SourceQuality "1"]
[WhiteTeam "Gyor Bastya"]
[BlackTeam "Gyor Szechenyi"]
[WhiteTeamCountry "HUN"]
[BlackTeamCountry "HUN"]

1. e4 c5 2. Nf3 d6 3. Bb5+ Bd7 4. Bxd7+ Qxd7 5. 0-0 Nc6 6. Nc3 g6 7. Re1 Bg7 8. Nd5 e6 9. Nf4 Nge7 10. c3 0-0 11. d3 Rad8 12. Be3 e5 13. Ne2 Kh8 14. Ng3 b6 15. Qc2 d5 16. Rad1 d4 17. cxd4 cxd4 18. Bg5 f6 19. Bd2 Rc8 20. Qa4 Rc7 21. Rc1 Rfc8 22. Rc2 Nb8 23. Qxd7 Nxd7 24. Rxc7 Rxc7 25. Rc1 Rxc1+ 26. Bxc1 Nc5 27. Ne1 Nc6 28. Bd2 a5 29. Kf1 Bf8 30. Ne2 Na6 31. a3 Nc5 32. Nc1 Na4 33. b3 Nc3 34. Bxc3 dxc3 35. a4 Nd4 36. Nf3 Ba3 37. Na2 c2 0-1

[Event "HUN-chT4 Chalupetzky 1718"]
[Site "Hungary"]
[Date "2017.10.15"]
[Round "1.3"]
[White "Szalai, Attila"]
[Black "Bindics, Botond"]
[Result "1-0"]
[WhiteElo "1659"]
[BlackElo "1001"]
[PlyCount "99"]
[EventDate "2017.10.15"]
[EventType "team-tourn"]
[EventRounds "7"]
[EventCountry "HUN"]
[SourceTitle "EXT 2019"]
[Source "ChessBase"]
[SourceDate "2018.10.10"]
[SourceVersion "1"]
[SourceVersionDate "2018.10.10"]
[SourceQuality "1"]
[WhiteTeam "Gyor Bastya"]
[BlackTeam "Fertoszentmiklos"]
[WhiteTeamCountry "HUN"]
[BlackTeamCountry "HUN"]

1. e4 e5 2. Nf3 Nc6 3. d4 exd4 4. Bc4 d6 5. Nxd4 Bd7 6. 0-0 g6 7. Be3 Bg7 8. Nc3 Nf6 9. Qd2 0-0 10. Nxc6 Bxc6 11. f3 Qd7 12. Rad1 Rad8 13. Bh6 a6 14. Bxg7 Kxg7 15. Qg5 Rde8 16. Rfe1 Rd8 17. e5 Ng8 18. exd6 cxd6 19. Bb3 Rde8 20. Rxe8 Qxe8 21. Qd2 Qe7 22. Qxd6 Qe3+ 23. Kf1 Qb6 24. Qd4+ Qxd4 25. Rxd4 Nf6 26. Kf2 Re8 27. Rd6 Re7 28. Nd5 Nxd5 29. Bxd5 Be8 30. Rb6 Rc7 31. c4 Bc6 32. Bxc6 Rxc6 33. Rxc6 bxc6 34. Ke3 Kf6 35. Kd4 Ke6 36. Kc5 Kd7 37. Kb6 Kd6 38. Kxa6 Kc5 39. b3 h5 40. a4 f5 41. a5 g5 42. Kb7 g4 43. a6 h4 44. a7 h3 45. gxh3 gxf3 46. a8Q Kb4 47. Qf8+ c5 48. Qxf5 f2 49. Qxf2 Ka5 50. h4 1-0

[Event "HUN-chT4 1617"]
[Site "Hungary"]
[Date "2016.12.04"]
[Round "3.1"]
[White "Kadi, Richard"]
[Black "Szalai, Attila"]
[Result "1-0"]
[WhiteElo "1766"]
[BlackElo "1634"]
[PlyCount "109"]
[EventDate "2016.10.02"]
[EventType "team-tourn"]
[EventRounds "7"]
[EventCountry "HUN"]
[SourceTitle "EXT 2019"]
[Source "ChessBase"]
[SourceDate "2018.10.10"]
[SourceVersion "1"]
[SourceVersionDate "2018.10.10"]
[SourceQuality "1"]

1. e4 c5 2. Nc3 d6 3. f4 Nf6 4. Nf3 Nc6 5. Bb5 a6 6. Bxc6+ bxc6 7. d3 g6 8. h3 Bg7 9. Be3 Rb8 10. Rb1 Qa5 11. 0-0 0-0 12. Nd2 Be6 13. Nb3 Bxb3 14. axb3 Nd7 15. Ra1 Qc7 16. Rxa6 Ra8 17. Rxa8 Rxa8 18. Na4 Nb6 19. Nc3 Nd7 20. Bd2 Bd4+ 21. Kh1 e6 22. f5 exf5 23. exf5 Re8 24. Bf4 Ne5 25. Ne4 Nd7 26. Nxd6 Rf8 27. Nxf7 Qc8 28. Nd6 Qd8 29. Bh6 Bg7 30. Bxg7 Kxg7 31. fxg6 hxg6 32. Rxf8 Qxf8 33. Ne4 Qf4 34. Qg4 Qc1+ 35. Kh2 Nf6 36. Nxf6 Kxf6 37. Qf3+ Kg7 38. Qe2 Qxb2 39. Qe7+ Kh6 40. Qxc5 Qf6 41. Qe3+ Kh7 42. d4 Qd6+ 43. Kg1 Qd5 44. c4 Qf5 45. Kh2 Qd7 46. Qe5 Qb7 47. d5 cxd5 48. cxd5 Qxb3 49. d6 Qd3 50. Qe7+ Kh6 51. d7 Qd4 52. Qf8+ Kh7 53. d8Q Qe5+ 54. Kg1 Qe1+ 55. Qf1 1-0

[Event "HUN-chT4 1617"]
[Site "Hungary"]
[Date "2016.10.02"]
[Round "1.2"]
[White "Vagi, Laszlo"]
[Black "Szalai, Attila"]
[Result "1/2-1/2"]
[WhiteElo "1730"]
[BlackElo "1622"]
[PlyCount "91"]
[EventDate "2016.10.02"]
[EventType "team-tourn"]
[EventRounds "7"]
[EventCountry "HUN"]
[SourceTitle "EXT 2019"]
[Source "ChessBase"]
[SourceDate "2018.10.10"]
[SourceVersion "1"]
[SourceVersionDate "2018.10.10"]
[SourceQuality "1"]

1. e4 c5 2. Nf3 d6 3. d4 cxd4 4. Nxd4 Nf6 5. Nc3 g6 6. Bc4 Bg7 7. 0-0 0-0 8. Bb3 Bd7 9. Be3 Ng4 10. Qf3 Nxe3 11. fxe3 e6 12. Rad1 Qb6 13. Qe2 Nc6 14. Ndb5 Bxc3 15. bxc3 Na5 16. Nxd6 Bc6 17. e5 Qc5 18. Qf2 Nxb3 19. Qf6 Qxe3+ 20. Rf2 Qh6 21. axb3 Qg7 22. Rdf1 Qxf6 23. Rxf6 Rab8 24. Nxf7 Be4 25. R6f2 Bxc2 26. Rxc2 Rxf7 27. Rd2 Rxf1+ 28. Kxf1 Rc8 29. c4 Rc7 30. Rd8+ Kf7 31. Ke2 a6 32. Kd3 g5 33. g4 h6 34. Kd4 b6 35. b4 Ra7 36. c5 bxc5+ 37. Kxc5 Rb7 38. Kc6 Rxb4 39. Rd7+ Ke8 40. Rh7 Rxg4 41. Kd6 a5 42. Kxe6 Kf8 43. Rxh6 Ra4 44. Kf6 Rh4 45. Rg6 Rxh2 46. Rxg5 1/2-1/2